Industrial detergency
Uloženo v:
| Hlavní autor: | |
|---|---|
| Médium: | Kniha |
| Jazyk: | angličtina |
| Vydáno: |
Nueva York
Reinhold
1955
|
| Témata: | |
| Tagy: |
Přidat tag
Žádné tagy, Buďte první, kdo vytvoří štítek k tomuto záznamu!
|
MARC
| LEADER | 00000nam a2200000 a 4500 | ||
|---|---|---|---|
| 001 | UCT3973 | ||
| 003 | CL-VaPUC | ||
| 008 | 961105e19550000US |||||||||||||||||eng|d | ||
| 082 | 0 | 4 | |a 668.14 |b NIV |2 21 |
| 100 | |a Niven, William W. |e author |9 373063 | ||
| 245 | 1 | 0 | |a Industrial detergency |
| 300 | |a 340 p | ||
| 942 | |c BK | ||
| 945 | |d 19961105 00:00:00 |a cmena | ||
| 260 | |a Nueva York |b Reinhold |c 1955 | ||
| 650 | 7 | |a DETERGENTES |2 CL-VaPUC |9 263948 | |
| 650 | 0 | |a Tecnología química |9 263002 | |
| 650 | 0 | |a Procesos industriales |9 334036 | |
| 650 | 7 | |a SOLUCIONES |2 CL-VaPUC |9 352261 | |
| 650 | 0 | |a Reacciones químicas |9 259438 | |
| 583 | |a last modification |c 19961105 00:00:00 |k Rodrigo Vera | ||
| 999 | |c 253462 |d 253460 | ||
| 952 | |0 0 |1 0 |4 0 |6 668_140000000000000_NIV_1955 |7 0 |8 A |9 274325 |a BIBCUR |b BIBCUR |d 2019-11-19 |i 177266K |o 668.14 NIV 1955 |p 177266K |r 2025-04-22 |w 2019-11-19 |y BK |k QUI | ||